00639 2200229 4500001002100000005001500021035002000036007000300056008004100059020002200100082001200122084001800134100002300152245007700175250001800252260002600270300004000296650001400336650003000350505001200380990001700392INLIS00000000000999920260511011836 a0010-0526000029ta260511 g 0 ind  a978-979-044-189-7 a611.018 a611.018 ANT h0 aAnthony L. Mescher1 aHistologi Dasar Junqueira :bTeks & Atlas Edisi 12 /cAnthony L. Mescher a12, Cet. Ke-3 aJakarta :bEGC,c2011 ax, 452 hlm :bilus. ;c21 x 29,5 cm 4aHistologi 4aHistologi Dasar Junqueira ahlm.452 a202500223293